| 000 | 01799nam a2200253 a 4500 | ||
|---|---|---|---|
| 001 | 000489092 | ||
| 003 | AM-YeHGA | ||
| 005 | 20250618072624.0 | ||
| 008 | 060306s1915 ai 000 | arm d | ||
| 040 | _aAM-YeHGA | ||
| 041 | 0 | _aarm | |
| 245 | 0 | 0 |
_aՏօնացոյց / _cՍկզբնաւորեալ ի Սրբոյ Լուսաւորչէն մերմէ ի սկզբան լուսաւորութեան ազգիս հայոց եւ կարգաւորեալ սրբոյն Սահակայ Պարթեւի եւ երանեալ հայրապետացն մերոց Գիւտոյ եւ Յովհաննու Մանդակունոյ եւ հուսկ ապա Ս.Ներսիսի Շնորհալւոյ իսկ յետ ժամանակաց ի Ս.Աթոռն Էջմիածին Տ. Սիմէօնի Հայոց Կաթուղիկոսի. |
| 250 | _aԴ. տպագր. | ||
| 260 |
_aՅերուսաղէմ : _bտպ. Առաքելական աթոռոյ Ս. Յակովբեանց, _c1915. |
||
| 300 |
_aՀ. ; _c16 սմ. |
||
| 505 | 0 | 0 |
_gՀ. 1 (1915, 290 էջ, նկ.) : _tՅորում նշանակին տօնք եւ պահք, ընթերցուածք եւ արարողութիւնք Հայաստանեայց Ս. եկեղեցւոյ _gՀ. 2 (1915, (291-562) էջ, աղյս.) : _tՈր է քանոն եւ կառավարիչ առաջնոյ հատորին : Յօրինեալ երեսուն եւ վեց խորանօք ի վերայ երեսուն եւ վեց հայկական տառից |
| 650 | 1 | 4 |
_aՏոնացույց _95148 |
| 700 | 0 |
_aԳրիգոր Լուսաւորիչ. _94715 |
|
| 700 | 0 | _aԳիւտ Մանդակունի | |
| 700 | 0 |
_aՀովհան Մանդակունի _d403-490 |
|
| 700 | 0 |
_aՆերսես Շնորհալի, _d1100-1173 _93346 |
|
| 700 | 0 |
_aՍիմեոն Երևանցի, _cԱմենայն հայոց կաթողիկոս, _d1710-1780 _9903 |
|
| 090 | _c181539 | ||
| 999 |
_c180089 _d180089 |
||